| 000 | 00556nam a2200193Ia 4500 | ||
|---|---|---|---|
| 003 | BUBTL | ||
| 008 | 151213s9999 xx 000 0 und d | ||
| 020 | _a81315015472 | ||
| 082 | _a658.3/ M4891s/ 2001 | ||
| 100 |
_aMello,Jeffrey A. _91291 |
||
| 245 |
_aStrategic Human Resource Management : _cJeffrey A.Mello |
||
| 260 |
_aAndover : _bCengage Learning, _cc2001. |
||
| 300 |
_axviii, 667 p. : _c24 cm. |
||
| 500 | _aIncludes Index . | ||
| 650 | _aManagement | ||
| 856 |
_k0 _l0 _yDownload |
||
| 942 |
_2ddc _cBK |
||
| 999 |
_c4784 _d4784 |
||